Шагренева шкіра.Батько Горіо.Гобсек (Запис № 17755)

000 -Маркер запису
Контрольне поле сталої довжини 01229nam a22002657a 4500
003 - Належність контрольного номера
Контрольне поле Uzh_bibl
008 - Кодовані дані
Контрольне поле сталої довжини 260514b |||||||| |||| 00| 0 ukr d
020 ## - Індекс ISBN
ISBN 966-01-0077-9
Ціна 55.00
040 ## - Джерело каталогіз.
Код мови каталог. укр.
041 ## - Код мови видання
Код мови оригіналу французька
Код мови тексту українська
080 ## - Індекс УДК
Індекс УДК 821.133.1
090 ## - Шифри
Поличний індекс 821.133.1
Авторський знак Б 21
100 ## - Автор
Автор Бальзак,Оноре де
245 ## - Назва
Назва Шагренева шкіра.Батько Горіо.Гобсек
Відповідальність Пер. із фр.; Передм. Д. В. Затонського; Приміт. Д. С. Наливайка; Мал. Є. Є. Котляра.
Фізичний носій Текст
260 ## - Вихідні дані
Місце видання Київ
Видавництво Веселка
Дата видання 1998
300 ## - Фізичний опис
Обсяг 527 с.
Ілл./тип відтвор. іл.
490 ## - Серія
Назва серії "Шкільна бібліотека"
520 ## - Анотація
Анотація До книжки увійшли два романи та повість із славнозвісної епопеї «Людська комедія» великого французь кого письменника-реаліста Оноре де Бальзака.
521 ## - Примітка про цільове призначення
Примітка про цільове призначення Для ст. шк .віку
546 ## - Примітка про мову
Примітка про мову укр.
650 ## - Тематичні рубрики
Основна рубрика Літературно-художнє видання
653 ## - Ключові слова
Ключові слова Жадібність
-- Стосунки
655 ## - Термін індексування — жанр/форма
Жанр/форма Проза
Типове ділення Роман
942 ## - ADDED ENTRY ELEMENTS (KOHA)
Джерело класифікації чи схема поличного розташування
Koha item type Книги
Фонди
Статус вилучення Статус втрати/відсутності Джерело класифікації чи схема поличного розташування Статус пошкодження Тип обігу (не для випозичання) Постійне розташування Поточне розташування Розташування у відділі Дата надходження Інвентарний номер Total Checkouts Повний (примірниковий) шифр зберігання Штрих-код Date last seen Дата, для якої чинна ціна заміни Тип одиниці (рівень примірника)
          Бібліотека-філія №3 Бібліотека-філія №3 Абонемент старший відділ 14/05/2026 65487   821.133.1 4227 14/05/2026 14/05/2026 Книги

Працює на АБІС Коха